000 00529nam a2200181Ia 4500
001 4499
005 20260306145800.0
008 260306t2008||||xx |||||||||||||| ||spa||
041 _aESP
082 _a323.4
_bI59B
100 _aInstituto Interamericano de Derechos Humanos
_eAUT
245 0 _aHerramientas básicas para integrar la perspectiva de género en organizaciones que trabajan derechos humanos
260 _c2008
300 _a261 páginas :
_c27 cm.
650 _aGEN
654 _aCHU
942 _cLIB
_dJUS
_fJUS
_2ddc
_n
999 _c4499
_d4499